000
00312pam a2200133 a 4500
020
_c
041
_h
082
_a
743.6
_b
TUT
100
_a
Eva Dutton .
245
_a
How to Draw Horses in Smile Stepes
_h
Textual Documents
260
_a
[s.l]:
_b
Search Press,
_c
2015.
300
_a
32:
_b
paper.
930
_a
7969
999
_c
241759
_d
241759